Statistiken für CROBOT (Lyrics) - Cro

Klicken Sie hier um das Quiz zu spielen!

Allgemein

  • Dieses Quiz wurde 9 mal gespielt
  • Das Durchschnittsergebnis liegt bei 224 aus 308

Antwortstatistiken

Antwort% Korrekt
bin
100%
ich
100%
(ich
100%
Ich
100%
nicht
100%
richtig
100%
alles
83%
außer
83%
Cro-Bot
83%
deine
83%
Denn
83%
dich
83%
ein
83%
eine
83%
Gott
83%
hab
83%
Hab
83%
Herz
83%
im
83%
kann
83%
keine
83%
Liebe
83%
Love
83%
Mein
83%
(nein)
83%
no
83%
No
83%
Oh
83%
oh
83%
programmiert
83%
programmiert)
83%
sie
83%
System
83%
verlier'n
83%
zu
83%
aber
67%
Babe
67%
bleib
67%
das
67%
Doch
67%
doch
67%
erfrier'n
67%
es
67%
funktionier
67%
in
67%
leid
67%
lieben
67%
Mal
67%
Maschine
67%
Meine
67%
mich
67%
mir
67%
Nur
67%
nur
67%
Platine
67%
probiert
67%
reparier'n
67%
sind
67%
tut
67%
verschieden
67%
will
67%
Wir
67%
würd
67%
würde
67%
akzeptiert
50%
allein
50%
am
50%
an
50%
auf'n
50%
Baby
50%
bei
50%
Beine
50%
dass
50%
der
50%
die
50%
dir
50%
egal
50%
elegant
50%
Ende
50%
formatier'n
50%
fühl
50%
fühl'n
50%
funktioniere
50%
ganz
50%
Gefühl
50%
gegen
50%
gehen
50%
gern
50%
gerne
50%
hier
50%
jedes
50%
jemand
50%
kennt
50%
kühl
50%
lang
50%
lange
50%
langsam
50%
liegt
50%
Mädchen
50%
man
50%
Man
50%
mehr
50%
meinen
50%
Mensch
50%
mh
50%
Mond
50%
nah
50%
Nie
50%
Po
50%
Pool
50%
produziere
50%
programmiere
50%
reflektiere
50%
Reset
50%
schieße
50%
schöne
50%
Schöne
50%
seh'n
50%
sehn
50%
sein
50%
sich
50%
Sorry
50%
strahlt
50%
Strom
50%
tausendmal
50%
teil'n
50%
Tränen
50%
um
50%
und
50%
Venen
50%
verchromt
50%
verliert
50%
Villa
50%
war
50%
was
50%
wein'n
50%
weiß
50%
Wellen
50%
wer
50%
Wie
50%
wie
50%
wieder
50%

Verteilung der Resultate

Perzentil nach korrekt beantworteten Fragen

Anzahl Personen mit jedem Resultat

Ihre Resultats-Entwicklung

Sie haben dieses Quiz noch nicht gespielt